00375nam a22001097a 4500020001800000082001700018100001200035245010300047260004200150300002100192880005200213 a9787020106974 a895.135bHUA aGu, Hua aA small town called Hibiscus (Chinese Edition):bFurong Town /cHua Gu and Translator: Gladys Yang aBeijing :bChinese Literature,c2016. a207 p. ;c22 cm. 6245-02\ra一个叫芙蓉的小镇: 芙蓉镇 /